000 00881nam a2200205Ia 4500
999 _c53611
_d53611
001 20658
003 GE_BSU
005 20210224222217.0
008 181216s? ||||ge |||||||||||||| ||geo||
040 _cGE_BSU
041 _ageo
080 _a551.5 ტ-52
245 _aტექნოლოგიები კლიმატის ცვლილების შერბილების და მოწყვლადობის შემცირებისათვის.
264 _aთბილისი :
_c?
300 _a16 გვ. ;
_c21 სმ.
541 _h6ლ.25თ.
653 _aგეოგრაფია
653 _aტექნოლოგიები კლიმატის ცვლილების შერბილების და მოწყვლადობის შემცირებისათვის
942 _cBK
_2udc